Penderaan kanak-kanak : cabaran cegahan dan membantu.

Bibliographic Details
Main Author: Khadijah Alavi
Format: Book
Published: Kuala Lumpur: Institut Sosial Malaysia, 2007.
Series:ISM research monograph series no.6
Subjects:
LEADER 00706cam a2200193 7i4500
001 0000020077
005 20071227090000.0
020 0 0 |a 978-983-42685-5-8  
090 0 0 |a M 364.155540720595   |b KHA 
100 1 0 |a Khadijah Alavi  
245 1 0 |a Penderaan kanak-kanak :   |b cabaran cegahan dan membantu. 
260 0 0 |a Kuala Lumpur:   |b Institut Sosial Malaysia,   |c 2007. 
300 # # |a 101 p. 
440 0 0 |a ISM research monograph series no.6 
650 0 0 |a Child abuse --   |x Research --   |z Malaysia  
650 0 0 |a Child abuse --   |x Prevention --   |x Research --   |z Malaysia  
650 0 0 |a Abused children --   |x Counseling of --   |x Research --   |z Malaysia  
651 0 0 |a Malaysia  
999 |a 0000021190  |b Book  |c Malaysia  |e Business Information Centre